|
|
|
|
| LEADER |
00000naa a2200000uu 4500 |
| 001 |
vtls011093373 |
| 003 |
SK-MaSNL |
| 005 |
20260302140841.0 |
| 008 |
210824|1997 xo |||||||||||||||||eng| |
| 015 |
|
|
|a SNBRA
|
| 035 |
|
|
|a (urnnbn)urn:nbn:sk:snk:ar-a0csa6
|
| 035 |
|
|
|a (uuid)0f31f657-18b8-44b2-9455-08baa14b29a8
|
| 035 |
|
|
|a urn:nbn:sk:snk-aavxyh
|
| 040 |
|
|
|a SNKBUCL
|b slo
|c SNKBUCL
|e AACR2
|
| 041 |
0 |
|
|a eng
|
| 044 |
|
|
|a xo
|c SK
|
| 100 |
1 |
|
|a Hofreiter, Milan,
|d 1952-
|4 aut
|9 237711
|
| 245 |
1 |
0 |
|a APPROXIMATE STRUCTURAL IDENTIFICATION OF MARKOV CHAIN
|c Milan HOFREITER
|
| 773 |
0 |
|
|t Strojné inžinierstvo '97 : zborník referátov medzinárodnej konferencie konanej pri príležitosti osláv 60. výročia vzniku STU
|d V Bratislave : Slovenská technická univerzita, 1997
|g S. 274-277
|z 8022709824
|
| 958 |
|
|
|a OND
|
| 958 |
|
|
|a article12
|
| 958 |
|
|
|a chapter
|
| 999 |
|
|
|c 1332725
|d 1334655
|